[Event "ETCC Open 2023"]
[Site "Budva"]
[Date "2023.11.15"]
[Round "5.48"]
[White "Yilmazyerli, Mert"]
[Black "Klabis, Rokas"]
[Result "1/2-1/2"]
[WhiteElo "2533"]
[BlackElo "2412"]
[Annotator "RC"]
[PlyCount "75"]
[EventDate "2023.11.10"]
[EventType "team-tourn"]
[EventCountry "MNE"]
[SourceTitle "playchess.com"]
[Source "ChessBase"]
[SourceQuality "1"]
[WhiteTeam "Turkey"]
[BlackTeam "Lithuania"]
[WhiteTeamCountry "TUR"]
[BlackTeamCountry "LTU"]

1. d4 Nf6 2. c4 e6 3. Nf3 Bb4+ 4. Nbd2 d5 5. Qa4+ Nc6 6. a3 Be7 7. Qc2 a5 8. b3 dxc4 9. Qxc4 Na7 10. Bb2 Bd7 11. Qc2 O-O 12. e4 Rc8 13. Bd3 h6 14. Nc4 c5 15. dxc5 Bxc5 16. Qe2 b5 17. Nce5 Qb6 18. O-O Rfd8 19. Nxd7 Nxd7 20. Rad1 Nf8 21. g3 b4 22. a4 Nc6 23. Bc4 Ng6 24. Kg2 Rxd1 25. Rxd1 Rd8 26. Rxd8+ Qxd8 27. Qd3 Qc7 28. Qd2 Nge5 29. Nxe5 Nxe5 30. Be2 Nc6 31. Bb5 Ne5 32. h3 Bb6 33. Qf4 f6 34. Qd2 Qc5 35. Qe2 Kf7 36. Qd2 Kg8 37. Qe2 Kf7 38. Qd2 1/2-1/2

[Event "ETCC Open 2023"]
[Site "Budva"]
[Date "2023.11.15"]
[Round "5.49"]
[White "Stefansson, Hannes"]
[Black "Fedoseev, Vladimir"]
[Result "0-1"]
[WhiteElo "2518"]
[BlackElo "2675"]
[Annotator "TA"]
[PlyCount "72"]
[EventDate "2023.11.10"]
[EventType "team-tourn"]
[EventCountry "MNE"]
[SourceTitle "playchess.com"]
[Source "ChessBase"]
[SourceQuality "1"]
[WhiteTeam "Iceland"]
[BlackTeam "Slovenia"]
[WhiteTeamCountry "ISL"]
[BlackTeamCountry "SLO"]

1. d4 Nf6 2. c4 e6 3. Nf3 b6 4. g3 Bb7 5. Bg2 Be7 6. O-O O-O 7. Nc3 d5 8. cxd5 Nxd5 9. Qc2 Nd7 10. Bd2 N7f6 11. Rad1 Rc8 12. Nxd5 Bxd5 13. Bc3 Be4 14. Qb3 Bd5 15. Qc2 Qe8 16. Ne5 Bxg2 17. Kxg2 c5 18. dxc5 Rxc5 19. Qb3 Rb5 20. Qc4 Rc5 21. Qb3 h5 22. Rd3 Rb5 23. Qc4 Rc5 24. Qb3 Qb8 25. Nf3 Qb7 26. Bd4 Ra5 27. Bxf6 Bxf6 28. Rfd1 Qe4 29. R1d2 g5 30. Kg1 Rc8 31. Rc2 Rac5 32. Rxc5 Rxc5 33. Qd1 Qc6 34. Ne1 Rc1 35. Qd2 Rb1 36. b3 Qc1 0-1

[Event "ETCC Open 2023"]
[Site "Budva"]
[Date "2023.11.15"]
[Round "5.50"]
[White "Subelj, Jan"]
[Black "Stefansson, Vignir Vatnar"]
[Result "1-0"]
[WhiteElo "2513"]
[BlackElo "2483"]
[Annotator "RC"]
[PlyCount "61"]
[EventDate "2023.11.10"]
[EventType "team-tourn"]
[EventCountry "MNE"]
[SourceTitle "playchess.com"]
[Source "ChessBase"]
[SourceQuality "1"]
[WhiteTeam "Slovenia"]
[BlackTeam "Iceland"]
[WhiteTeamCountry "SLO"]
[BlackTeamCountry "ISL"]

1. e4 e5 2. Nf3 Nc6 3. Bc4 Bc5 4. d3 Nf6 5. O-O O-O 6. c3 d5 7. exd5 Nxd5 8. Re1 Bg4 9. h3 Bh5 10. Nbd2 Nb6 11. Bb3 Qxd3 12. Nxe5 Qf5 13. Nef3 Rad8 14. Qe2 Nd5 15. Qe4 Qd7 16. Qh4 Bg6 17. Ne4 Be7 18. Bg5 Bxg5 19. Nexg5 Nf6 20. Ne6 h6 21. Nxd8 Rxd8 22. Rad1 Qc8 23. Rxd8+ Qxd8 24. Qf4 Na5 25. Qd4 Qxd4 26. Nxd4 Nxb3 27. axb3 a6 28. Re7 c5 29. Nf3 b5 30. Ne5 Bc2 31. Rxf7 1-0

[Event "ETCC Open 2023"]
[Site "Budva"]
[Date "2023.11.15"]
[Round "5.51"]
[White "Kjartansson, Gudmundur"]
[Black "Sebenik, Matej"]
[Result "0-1"]
[WhiteElo "2449"]
[BlackElo "2531"]
[Annotator "RC"]
[PlyCount "142"]
[EventDate "2023.11.10"]
[EventType "team-tourn"]
[EventCountry "MNE"]
[SourceTitle "playchess.com"]
[Source "ChessBase"]
[SourceQuality "1"]
[WhiteTeam "Iceland"]
[BlackTeam "Slovenia"]
[WhiteTeamCountry "ISL"]
[BlackTeamCountry "SLO"]

1. c4 e6 2. Nc3 d5 3. d4 Nf6 4. cxd5 exd5 5. Bg5 Be7 6. e3 h6 7. Bh4 Bg4 8. f3 Be6 9. Bd3 c5 10. Nge2 Nc6 11. Bf2 c4 12. Bc2 O-O 13. g4 b5 14. Nf4 Bd6 15. Nce2 Re8 16. h3 a5 17. Kf1 a4 18. a3 Na5 19. h4 Nb3 20. Rb1 g6 21. g5 hxg5 22. hxg5 Nh7 23. Nxe6 Rxe6 24. f4 b4 25. axb4 Bxb4 26. Bxb3 axb3 27. Ng3 Rea6 28. Kg2 f5 29. Be1 Bf8 30. Bd2 Bg7 31. Ne2 Nf8 32. Nc3 Ne6 33. Qf3 Nc7 34. Kf2 Qd7 35. Rbg1 Kf7 36. Rh7 Rh8 37. Rxh8 Bxh8 38. Qh1 Bg7 39. Rg3 Kg8 40. Rh3 Qe6 41. Rg3 Qc6 42. Rg1 Qa8 43. Rb1 Kf7 44. Ne2 Nb5 45. Bb4 Ra4 46. Bc5 Ra2 47. Bb4 Qc6 48. Nc3 Nxc3 49. Bxc3 Qe6 50. Bb4 Ra4 51. Bc3 Qe4 52. Qxe4 fxe4 53. Kg3 Bf8 54. Kg4 Ke6 55. Rh1 Bb4 56. Bxb4 Rxb4 57. f5+ gxf5+ 58. Kf4 c3 59. bxc3 Rb5 60. g6 Kf6 61. g7 Kxg7 62. Kxf5 Kf7 63. Ke5 b2 64. Rb1 Ke7 65. c4 dxc4+ 66. Kxe4 Kd6 67. d5 Kc5 68. d6 c3 69. Kd3 Kb4 70. e4 Kb3 71. d7 Rb8 0-1

[Event "ETCC Open 2023"]
[Site "Budva"]
[Date "2023.11.15"]
[Round "5.52"]
[White "Skoberne, Jure"]
[Black "Heimisson, Hilmir Freyr"]
[Result "1-0"]
[WhiteElo "2538"]
[BlackElo "2377"]
[Annotator "RC"]
[PlyCount "71"]
[EventDate "2023.11.10"]
[EventType "team-tourn"]
[EventCountry "MNE"]
[SourceTitle "playchess.com"]
[Source "ChessBase"]
[SourceQuality "1"]
[WhiteTeam "Slovenia"]
[BlackTeam "Iceland"]
[WhiteTeamCountry "SLO"]
[BlackTeamCountry "ISL"]

1. d4 Nf6 2. Nf3 d5 3. Bf4 c5 4. e3 Nc6 5. Nbd2 e6 6. c3 cxd4 7. exd4 Nh5 8. Be3 Bd6 9. Bd3 Nf4 10. Bxf4 Bxf4 11. O-O O-O 12. Re1 Qd6 13. g3 Bh6 14. Nb3 g6 15. Qe2 a5 16. a4 Ra7 17. h4 b6 18. Ne5 Nd8 19. h5 g5 20. c4 dxc4 21. Bxc4 Rc7 22. Rad1 Bb7 23. d5 exd5 24. Bxd5 Bxd5 25. Qb5 Ne6 26. Rxd5 Qe7 27. Qxb6 Rb7 28. Qe3 Bg7 29. Nxa5 Rxb2 30. Nac4 Bxe5 31. Qxe5 Ra2 32. Ne3 f6 33. Qe4 Re8 34. Qc4 Qa3 35. Rd8 Rxd8 36. Qxe6+ 1-0

[Event "ETCC Open 2023"]
[Site "Budva"]
[Date "2023.11.15"]
[Round "5.53"]
[White "Dragnev, Valentin"]
[Black "Mchedlishvili, Mikheil"]
[Result "1/2-1/2"]
[WhiteElo "2589"]
[BlackElo "2564"]
[Annotator "TA"]
[PlyCount "67"]
[EventDate "2023.11.10"]
[EventType "team-tourn"]
[EventCountry "MNE"]
[SourceTitle "playchess.com"]
[Source "ChessBase"]
[SourceQuality "1"]
[WhiteTeam "Austria"]
[BlackTeam "Georgia"]
[WhiteTeamCountry "AUT"]
[BlackTeamCountry "GEO"]

1. e4 c6 2. Nc3 d5 3. d4 dxe4 4. Nxe4 Bf5 5. Qf3 e6 6. c3 Nd7 7. Bd3 Bg6 8. Bf4 Ndf6 9. Nd2 Ne7 10. Ne2 Qd5 11. Bc4 Qxf3 12. Nxf3 Be4 13. Neg1 Ned5 14. Bg3 Nb6 15. Bf1 Be7 16. Ne5 Nfd7 17. Ngf3 Nxe5 18. Nxe5 O-O 19. f3 Bf5 20. Bd3 Bxd3 21. Nxd3 Rfd8 22. a4 Nd7 23. Bf2 Bd6 24. O-O-O f6 25. Bg3 Bf8 26. Rhe1 Kf7 27. Re2 Rac8 28. Red2 Nb6 29. b3 Nd5 30. Kb2 a5 31. Nf4 Bd6 32. Nd3 Bf8 33. Nf4 Bd6 34. Nd3 1/2-1/2

[Event "ETCC Open 2023"]
[Site "Budva"]
[Date "2023.11.15"]
[Round "5.54"]
[White "Jobava, Baadur"]
[Black "Ragger, Markus"]
[Result "1/2-1/2"]
[WhiteElo "2568"]
[BlackElo "2615"]
[Annotator "TA"]
[PlyCount "87"]
[EventDate "2023.11.10"]
[EventType "team-tourn"]
[EventCountry "MNE"]
[SourceTitle "playchess.com"]
[Source "ChessBase"]
[SourceQuality "1"]
[WhiteTeam "Georgia"]
[BlackTeam "Austria"]
[WhiteTeamCountry "GEO"]
[BlackTeamCountry "AUT"]

1. Nf3 Nf6 2. g3 g6 3. b3 d5 4. Bb2 c5 5. Bg2 Bg7 6. O-O O-O 7. c4 d4 8. e3 Nc6 9. exd4 cxd4 10. Re1 Nd7 11. d3 a5 12. Na3 Nc5 13. Nb5 Bf5 14. Bf1 e5 15. Ba3 b6 16. Bxc5 bxc5 17. a3 Qd7 18. Nd2 Na7 19. Bg2 Rab8 20. Nxa7 Qxa7 21. Ne4 Bd7 22. h4 Qb6 23. h5 Bh6 24. b4 cxb4 25. axb4 axb4 26. c5 Qe6 27. Nd6 b3 28. Rb1 Bg7 29. f4 Qe7 30. h6 Bh8 31. Bd5 Be6 32. Bxb3 Rxb3 33. Rxb3 exf4 34. Qf3 Qg5 35. Rxe6 fxe6 36. Ne4 Qd5 37. Rb2 fxg3 38. Qxg3 Qh5 39. Rb8 Qd1+ 40. Kg2 Qf1+ 41. Kh2 Qe2+ 42. Kg1 Qf1+ 43. Kh2 Qe2+ 44. Kg1 1/2-1/2

[Event "ETCC Open 2023"]
[Site "Budva"]
[Date "2023.11.15"]
[Round "5.55"]
[White "Blohberger, Felix"]
[Black "Kacharava, Nikolozi"]
[Result "1-0"]
[WhiteElo "2513"]
[BlackElo "2519"]
[Annotator "RC"]
[PlyCount "101"]
[EventDate "2023.11.10"]
[EventType "team-tourn"]
[EventCountry "MNE"]
[SourceTitle "playchess.com"]
[Source "ChessBase"]
[SourceQuality "1"]
[WhiteTeam "Austria"]
[BlackTeam "Georgia"]
[WhiteTeamCountry "AUT"]
[BlackTeamCountry "GEO"]

1. e4 c5 2. Nf3 e6 3. d4 cxd4 4. Nxd4 Nc6 5. Nc3 Qc7 6. Be3 a6 7. a3 b5 8. Nxc6 Qxc6 9. h4 Bb7 10. h5 h6 11. Qd4 Qd6 12. O-O-O Qxd4 13. Bxd4 Ne7 14. Rh3 Nc6 15. Bb6 Ne5 16. f4 Nc4 17. Bxc4 bxc4 18. Bc7 Rc8 19. Bd6 Bxd6 20. Rxd6 Ke7 21. Rb6 Rc7 22. Rg3 Rg8 23. Kd2 f6 24. Ke3 Kf7 25. Kd4 Rb8 26. a4 Rc6 27. Rb4 Rd6+ 28. Ke3 Rc6 29. e5 Rcc8 30. exf6 Kxf6 31. Rxb7 Rxb7 32. Ne4+ Ke7 33. Rxg7+ Kf8 34. Rh7 Rcb8 35. Nf6 d5 36. Rxh6 Ke7 37. Kd4 Kd6 38. Nxd5 Rxb2 39. Ne3 R2b4 40. a5 c3+ 41. Nc4+ Ke7 42. Kxc3 R4b5 43. Ne5 Rc8+ 44. Kd3 Rd5+ 45. Ke4 Rxc2 46. Rh7+ Ke8 47. h6 Rxg2 48. Rh8+ Ke7 49. h7 Rh2 50. Ra8 Rxa5 51. Nc6+ 1-0

[Event "ETCC Open 2023"]
[Site "Budva"]
[Date "2023.11.15"]
[Round "5.56"]
[White "Quparadze, Giga"]
[Black "Baidetskyi, Valentin"]
[Result "1/2-1/2"]
[WhiteElo "2490"]
[BlackElo "2478"]
[Annotator "RC"]
[PlyCount "69"]
[EventDate "2023.11.10"]
[EventType "team-tourn"]
[EventCountry "MNE"]
[SourceTitle "playchess.com"]
[Source "ChessBase"]
[SourceQuality "1"]
[WhiteTeam "Georgia"]
[BlackTeam "Austria"]
[WhiteTeamCountry "GEO"]
[BlackTeamCountry "AUT"]

1. e4 e6 2. d4 d5 3. Nd2 c5 4. Ngf3 cxd4 5. Nxd4 Nc6 6. Bb5 Nge7 7. O-O Bd7 8. Nxc6 Bxc6 9. Qe2 Qd7 10. Bd3 Ng6 11. Nf3 dxe4 12. Bxe4 Bxe4 13. Qxe4 Rc8 14. c3 Bc5 15. h4 h5 16. Ne5 Nxe5 17. Qxe5 f6 18. Qe2 Kf7 19. Be3 Bxe3 20. Qxe3 Qa4 21. Rfe1 e5 22. g3 b6 23. Rad1 Rhd8 24. Qf3 Kg6 25. Rd5 Qc2 26. Qd1 Qxd1 27. Rexd1 Rxd5 28. Rxd5 Rc7 29. Kg2 Kf5 30. Kf3 Ke6 31. Rd8 Rd7 32. Re8+ Kf5 33. Rg8 Rd2 34. Rxg7 a5 35. b3 1/2-1/2

[Event "ETCC Open 2023"]
[Site "Budva"]
[Date "2023.11.15"]
[Round "5.57"]
[White "Kalezic, Blazo"]
[Black "Bogner, Sebastian"]
[Result "1/2-1/2"]
[WhiteElo "2401"]
[BlackElo "2536"]
[Annotator "RC"]
[PlyCount "68"]
[EventDate "2023.11.10"]
[EventType "team-tourn"]
[EventCountry "MNE"]
[SourceTitle "playchess.com"]
[Source "ChessBase"]
[SourceQuality "1"]
[WhiteTeam "Montenegro"]
[BlackTeam "Switzerland"]
[WhiteTeamCountry "MNE"]
[BlackTeamCountry "SUI"]

1. e4 c5 2. Nf3 d6 3. d4 cxd4 4. Nxd4 Nf6 5. Nc3 a6 6. h3 Nc6 7. g4 g6 8. Bg2 Nxd4 9. Qxd4 Bg7 10. Be3 O-O 11. Qd2 Be6 12. O-O b5 13. Nd5 Bxd5 14. exd5 Nd7 15. c3 Nb6 16. b3 Qc7 17. Rac1 Rfc8 18. Bd4 Bxd4 19. Qxd4 Qc5 20. Qd2 a5 21. Rfe1 Ra7 22. Re3 a4 23. Rce1 axb3 24. axb3 Nd7 25. g5 Nf8 26. Rxe7 Rxe7 27. Rxe7 Qxc3 28. Qf4 Qc1+ 29. Qxc1 Rxc1+ 30. Kh2 Rb1 31. Rb7 Rxb3 32. Rb6 b4 33. Rxd6 Rd3 34. Rb6 Rd4 1/2-1/2

[Event "ETCC Open 2023"]
[Site "Budva"]
[Date "2023.11.15"]
[Round "5.58"]
[White "Pelletier, Yannick"]
[Black "Krivokapic, Marko"]
[Result "1-0"]
[WhiteElo "2505"]
[BlackElo "2386"]
[Annotator "RC"]
[PlyCount "75"]
[EventDate "2023.11.10"]
[EventType "team-tourn"]
[EventCountry "MNE"]
[SourceTitle "playchess.com"]
[Source "ChessBase"]
[SourceQuality "1"]
[WhiteTeam "Switzerland"]
[BlackTeam "Montenegro"]
[WhiteTeamCountry "SUI"]
[BlackTeamCountry "MNE"]

1. d4 d5 2. c4 e6 3. Nf3 Nf6 4. Nc3 dxc4 5. e4 Bb4 6. Bxc4 Nxe4 7. O-O Nxc3 8. bxc3 Be7 9. Qc2 Nd7 10. Re1 a6 11. a4 c5 12. d5 exd5 13. Bg5 f6 14. Bxd5 fxg5 15. Rad1 Qb6 16. Re6 Qc7 17. Rde1 Nf6 18. Rxe7+ Qxe7 19. Rxe7+ Kxe7 20. Qe2+ Kd8 21. Qe5 Re8 22. Qd6+ Bd7 23. Bxb7 Re6 24. Qf8+ Re8 25. Qd6 Re6 26. Qf8+ Re8 27. Qxg7 Rb8 28. Qxf6+ Kc7 29. Bxa6 Rb6 30. Qxg5 Rxa6 31. Qxc5+ Kb8 32. a5 h6 33. Ne5 Ka8 34. f4 Bc8 35. Nc4 Rae6 36. Nd6 Re1+ 37. Kf2 R8e2+ 38. Kf3 1-0

[Event "ETCC Open 2023"]
[Site "Budva"]
[Date "2023.11.15"]
[Round "5.59"]
[White "Draganic, Veljko"]
[Black "Kurmann, Oliver"]
[Result "1-0"]
[WhiteElo "2294"]
[BlackElo "2436"]
[Annotator "RC"]
[PlyCount "55"]
[EventDate "2023.11.10"]
[EventType "team-tourn"]
[EventCountry "MNE"]
[SourceTitle "playchess.com"]
[Source "ChessBase"]
[SourceQuality "1"]
[WhiteTeam "Montenegro"]
[BlackTeam "Switzerland"]
[WhiteTeamCountry "MNE"]
[BlackTeamCountry "SUI"]

1. e4 c5 2. Nf3 e6 3. d4 cxd4 4. Nxd4 a6 5. Nc3 Qc7 6. Bd3 Be7 7. O-O Nf6 8. Re1 d6 9. Qe2 Nbd7 10. Kh1 O-O 11. f4 Nc5 12. Bd2 e5 13. Nf5 Bxf5 14. exf5 Rfe8 15. fxe5 dxe5 16. Bg5 e4 17. Bc4 b5 18. Bxf6 Bxf6 19. Nd5 Qd6 20. Nxf6+ Qxf6 21. Bd5 Rad8 22. Rad1 Re5 23. c4 bxc4 24. Bxc4 a5 25. Rxd8+ Qxd8 26. Rd1 Qg5 27. Qh5 Qe7 28. Qxf7+ 1-0

[Event "ETCC Open 2023"]
[Site "Budva"]
[Date "2023.11.15"]
[Round "5.60"]
[White "Baenziger, Fabian"]
[Black "Miletic, Vuk"]
[Result "1-0"]
[WhiteElo "2422"]
[BlackElo "2190"]
[Annotator "RC"]
[PlyCount "71"]
[EventDate "2023.11.10"]
[EventType "team-tourn"]
[EventCountry "MNE"]
[SourceTitle "playchess.com"]
[Source "ChessBase"]
[SourceQuality "1"]
[WhiteTeam "Switzerland"]
[BlackTeam "Montenegro"]
[WhiteTeamCountry "SUI"]
[BlackTeamCountry "MNE"]

1. d4 d5 2. c4 e6 3. Nf3 a6 4. cxd5 exd5 5. Nc3 Nf6 6. Bg5 Be6 7. e3 Nbd7 8. h3 Bd6 9. Bd3 c6 10. Bf4 Qc7 11. Bxd6 Qxd6 12. O-O O-O 13. a3 a5 14. Qc2 h6 15. Rfc1 Rfc8 16. Na4 b6 17. Qe2 Ne4 18. Ne5 Rab8 19. f3 Nef6 20. f4 Nf8 21. Nc3 Bd7 22. Rf1 Be8 23. Rad1 c5 24. Bf5 Rd8 25. Nb5 Qe7 26. a4 Ne4 27. Bxe4 dxe4 28. d5 f6 29. Nc6 Bxc6 30. dxc6 Rxd1 31. Rxd1 Rc8 32. Rd6 f5 33. Qd1 Qf7 34. c7 Rxc7 35. Nxc7 Qxc7 36. Qd5+ 1-0

[Event "ETCC Open 2023"]
[Site "Budva"]
[Date "2023.11.15"]
[Round "5.61"]
[White "Pasko, Llambi"]
[Black "Dardha, Daniel"]
[Result "0-1"]
[WhiteElo "2395"]
[BlackElo "2575"]
[Annotator "TA"]
[PlyCount "68"]
[EventDate "2023.11.10"]
[EventType "team-tourn"]
[EventCountry "MNE"]
[SourceTitle "playchess.com"]
[Source "ChessBase"]
[SourceQuality "1"]
[WhiteTeam "Albania"]
[BlackTeam "Belgium"]
[WhiteTeamCountry "ALB"]
[BlackTeamCountry "BEL"]

1. d4 g6 2. c4 Bg7 3. Nc3 c5 4. d5 Bxc3+ 5. bxc3 e5 6. dxe6 dxe6 7. Qxd8+ Kxd8 8. g3 Bd7 9. Nf3 Bc6 10. h4 f6 11. g4 h6 12. Rg1 Nd7 13. Be3 Kc7 14. O-O-O g5 15. hxg5 hxg5 16. Nd2 Nh6 17. f3 Nf7 18. Bf2 Rad8 19. Bg2 b6 20. Rh1 Nde5 21. Bg3 Kc8 22. Rxh8 Rxh8 23. Rg1 Kd7 24. e4 Nd3+ 25. Kc2 Nf4 26. Bxf4 gxf4 27. Rh1 Rxh1 28. Bxh1 Ne5 29. Bg2 Ba4+ 30. Kc1 Nd3+ 31. Kb1 Bd1 32. Bf1 Ne5 33. Bg2 Be2 34. Kc2 Bxc4 0-1

[Event "ETCC Open 2023"]
[Site "Budva"]
[Date "2023.11.15"]
[Round "5.62"]
[White "Glek, Igor"]
[Black "Mehmeti, Dritan"]
[Result "1-0"]
[WhiteElo "2435"]
[BlackElo "2377"]
[Annotator "RC"]
[PlyCount "81"]
[EventDate "2023.11.10"]
[EventType "team-tourn"]
[EventCountry "MNE"]
[SourceTitle "playchess.com"]
[Source "ChessBase"]
[SourceQuality "1"]
[WhiteTeam "Belgium"]
[BlackTeam "Albania"]
[WhiteTeamCountry "BEL"]
[BlackTeamCountry "ALB"]

1. e4 e6 2. d3 d5 3. Qe2 Be7 4. Nf3 Nf6 5. g3 O-O 6. Bg2 c5 7. O-O Nc6 8. e5 Nd7 9. c4 d4 10. h4 h6 11. Re1 Re8 12. Nbd2 a6 13. Nf1 b5 14. b3 Bb7 15. N1h2 b4 16. Ng4 Bf8 17. Bf4 Ne7 18. Nd2 Bxg2 19. Kxg2 Nf5 20. Ne4 a5 21. a4 bxa3 22. Rxa3 Qc7 23. Rea1 Reb8 24. h5 Rb7 25. Nh2 Qb8 26. Nd2 Qc7 27. g4 Ne7 28. Bg3 g6 29. hxg6 fxg6 30. Ne4 Bg7 31. Nf3 Nc6 32. Rh1 Rab8 33. Nf6+ Kf7 34. Nd5 Qd8 35. Nf4 Nf8 36. Nd2 Qc7 37. Nd5 Qc8 38. Ne4 Rd7 39. Qf3+ Ke8 40. Ndf6+ Kd8 41. Nxd7 1-0

[Event "ETCC Open 2023"]
[Site "Budva"]
[Date "2023.11.15"]
[Round "5.63"]
[White "Ashiku, Franc"]
[Black "Beukema, Jasper"]
[Result "1-0"]
[WhiteElo "2396"]
[BlackElo "2357"]
[Annotator "RC"]
[PlyCount "127"]
[EventDate "2023.11.10"]
[EventType "team-tourn"]
[EventCountry "MNE"]
[SourceTitle "playchess.com"]
[Source "ChessBase"]
[SourceQuality "1"]
[WhiteTeam "Albania"]
[BlackTeam "Belgium"]
[WhiteTeamCountry "ALB"]
[BlackTeamCountry "BEL"]

1. d4 d5 2. c4 e6 3. Nf3 Nf6 4. g3 dxc4 5. Bg2 Bd7 6. Ne5 Nc6 7. Nxc4 Be7 8. Nc3 O-O 9. O-O Rb8 10. b3 Be8 11. e3 Nd5 12. Bd2 Nxc3 13. Bxc3 b5 14. Nb2 Nb4 15. Bxb4 Bxb4 16. Qc2 Bd6 17. Nd3 f6 18. Nc5 Qe7 19. Rac1 Bg6 20. Qc3 e5 21. Qa5 f5 22. Qxa7 exd4 23. exd4 f4 24. Rce1 Bxc5 25. dxc5 Qf6 26. Be4 Bxe4 27. Rxe4 fxg3 28. hxg3 Qc6 29. Re7 Rbc8 30. Qa3 Rf6 31. Qb4 Rh6 32. Qe4 Qxc5 33. Re8+ Rxe8 34. Qxe8+ Qf8 35. Qxb5 Qa8 36. f3 Qc6 37. Qxc6 Rxc6 38. Rf2 Rc3 39. Kf1 Kf7 40. Ke2 Ke6 41. Kd2 Rc5 42. Re2+ Kd6 43. Re4 h5 44. f4 g5 45. Rd4+ Ke6 46. fxg5 Rxg5 47. Rd3 Rg4 48. Kc3 h4 49. gxh4 Rxh4 50. a4 c5 51. a5 Rb4 52. Rd1 Rb7 53. a6 Ra7 54. Ra1 Kd5 55. Ra5 Kc6 56. Kc4 Ra8 57. a7 Kb7 58. Kb5 c4 59. bxc4 Kc7 60. Ka6 Rh8 61. Rc5+ Kd6 62. Kb6 Kd7 63. Rd5+ Ke6 64. Ra5 1-0

[Event "ETCC Open 2023"]
[Site "Budva"]
[Date "2023.11.15"]
[Round "5.64"]
[White "Lenaerts, Lennert"]
[Black "Veleshnja, Zino"]
[Result "1/2-1/2"]
[WhiteElo "2322"]
[BlackElo "2269"]
[Annotator "RC"]
[PlyCount "84"]
[EventDate "2023.11.10"]
[EventType "team-tourn"]
[EventCountry "MNE"]
[SourceTitle "playchess.com"]
[Source "ChessBase"]
[SourceQuality "1"]
[WhiteTeam "Belgium"]
[BlackTeam "Albania"]
[WhiteTeamCountry "BEL"]
[BlackTeamCountry "ALB"]

1. e4 e6 2. d4 d5 3. Nc3 Nf6 4. Bg5 h6 5. Bxf6 Qxf6 6. exd5 Bb4 7. Bc4 O-O 8. Nge2 exd5 9. Bxd5 Rd8 10. O-O Bxc3 11. Nxc3 Nc6 12. Bxc6 bxc6 13. Ne4 Qxd4 14. c3 Qxd1 15. Rfxd1 Bf5 16. Nc5 Rd5 17. Rxd5 cxd5 18. Re1 Kf8 19. f3 Re8 20. Rxe8+ Kxe8 21. Kf2 Ke7 22. Ke3 c6 23. Kd4 Kd6 24. b4 f6 25. Nb3 g5 26. g3 Bc2 27. Nd2 Bd1 28. c4 Be2 29. a4 dxc4 30. Nxc4+ Ke6 31. Nd2 Bd1 32. a5 Be2 33. Kc5 Kd7 34. f4 gxf4 35. gxf4 Bd3 36. Nb3 Bc2 37. Nd4 Be4 38. h4 h5 39. Ne2 Bf3 40. Nd4 Be4 41. Ne2 Bf3 42. Nd4 Be4 1/2-1/2

[Event "ETCC Open 2023"]
[Site "Budva"]
[Date "2023.11.15"]
[Round "5.65"]
[White "Nikolovski, Nikola"]
[Black "Sukovic, Andrej"]
[Result "1/2-1/2"]
[WhiteElo "2405"]
[BlackElo "2382"]
[Annotator "RC"]
[PlyCount "63"]
[EventDate "2023.11.10"]
[EventType "team-tourn"]
[EventCountry "MNE"]
[SourceTitle "playchess.com"]
[Source "ChessBase"]
[SourceQuality "1"]
[WhiteTeam "Macedonia"]
[BlackTeam "Montenegro"]
[WhiteTeamCountry "MKD"]
[BlackTeamCountry "MNE"]

1. e4 c5 2. Nc3 d6 3. f4 g6 4. Nf3 Bg7 5. Bc4 Nc6 6. O-O e6 7. d4 cxd4 8. Nb5 d5 9. exd5 exd5 10. Bxd5 Nge7 11. Bxc6+ Nxc6 12. Re1+ Kf8 13. c3 d3 14. Be3 Bg4 15. h3 Bxf3 16. Qxf3 Bf6 17. Rad1 Kg7 18. f5 Re8 19. Qf4 g5 20. Qg3 Re5 21. Nd4 Nxd4 22. cxd4 Rxf5 23. Rxd3 Qd5 24. h4 h6 25. b3 Re8 26. Rd2 Re4 27. hxg5 hxg5 28. Rf1 Rxf1+ 29. Kxf1 Rh4 30. Kg1 Kg6 31. Bf2 Kg7 32. Be3 1/2-1/2

[Event "ETCC Open 2023"]
[Site "Budva"]
[Date "2023.11.15"]
[Round "5.66"]
[White "Pecurica, Milos"]
[Black "Risteski, Emil"]
[Result "1/2-1/2"]
[WhiteElo "2342"]
[BlackElo "2379"]
[Annotator "RC"]
[PlyCount "79"]
[EventDate "2023.11.10"]
[EventType "team-tourn"]
[EventCountry "MNE"]
[SourceTitle "playchess.com"]
[Source "ChessBase"]
[SourceQuality "1"]
[WhiteTeam "Montenegro"]
[BlackTeam "Macedonia"]
[WhiteTeamCountry "MNE"]
[BlackTeamCountry "MKD"]

1. d4 Nf6 2. c4 e6 3. Nc3 Bb4 4. Qc2 c5 5. dxc5 O-O 6. Nf3 Na6 7. g3 Nxc5 8. Bg2 Nce4 9. O-O Bxc3 10. bxc3 Qc7 11. Nd4 d5 12. cxd5 exd5 13. Bf4 Qc4 14. Qb3 Bd7 15. Qxc4 dxc4 16. Rfc1 Rfe8 17. Rab1 b6 18. Nb5 Nd5 19. Nc7 Nxc7 20. Bxc7 g5 21. f4 Rac8 22. Be5 Bc6 23. Rb2 f6 24. Bxe4 Bxe4 25. Bxf6 gxf4 26. gxf4 Kf7 27. Be5 Rg8+ 28. Kf2 Rg2+ 29. Ke3 Bf5 30. Rd2 Rc6 31. Rd8 Rh6 32. Rd6 Rxd6 33. Bxd6 Rxh2 34. Rg1 h5 35. Rg5 Bg4 36. Be5 Rxe2+ 37. Kd4 Bf3 38. Kxc4 Ke6 39. Bd4 Rg2 40. f5+ 1/2-1/2

[Event "ETCC Open 2023"]
[Site "Budva"]
[Date "2023.11.15"]
[Round "5.67"]
[White "Lazov, Toni"]
[Black "Djurovic, Peko"]
[Result "1/2-1/2"]
[WhiteElo "2377"]
[BlackElo "2344"]
[Annotator "RC"]
[PlyCount "179"]
[EventDate "2023.11.10"]
[EventType "team-tourn"]
[EventCountry "MNE"]
[SourceTitle "playchess.com"]
[Source "ChessBase"]
[SourceQuality "1"]
[WhiteTeam "Macedonia"]
[BlackTeam "Montenegro"]
[WhiteTeamCountry "MKD"]
[BlackTeamCountry "MNE"]

1. e4 c5 2. Nf3 Nc6 3. Bb5 g6 4. O-O Bg7 5. Re1 Nf6 6. e5 Ng4 7. Bxc6 dxc6 8. d3 O-O 9. Nc3 b6 10. Bf4 Nh6 11. Ne4 f6 12. exf6 exf6 13. d4 cxd4 14. Nxd4 c5 15. Nc6 Qxd1 16. Raxd1 Nf5 17. Nd6 Kh8 18. Nxc8 Rfxc8 19. Ne7 Nxe7 20. Rxe7 Re8 21. Rdd7 f5 22. b3 Rxe7 23. Rxe7 h6 24. Rb7 Rf8 25. h4 Bd4 26. Kf1 Re8 27. g3 Bc3 28. Be3 g5 29. hxg5 hxg5 30. Rxa7 f4 31. gxf4 gxf4 32. Bxf4 Re1+ 33. Kg2 Re2 34. Kf3 Rxc2 35. Be3 Ba5 36. Ke4 Rxa2 37. f4 Ra1 38. f5 Re1 39. f6 Bd2 40. Ra8+ Kh7 41. f7 Rxe3+ 42. Kd5 Rd3+ 43. Kc6 Bh6 44. Kxb6 Rxb3+ 45. Kxc5 Rf3 46. Kd5 Rxf7 47. Ra6 Bg7 48. Re6 Rf5+ 49. Ke4 Ra5 50. Rc6 Re5+ 51. Kf4 Re7 52. Kf5 Re5+ 53. Kf4 Rb5 54. Ke4 Kg8 55. Rc7 Kf8 56. Ra7 Bf6 57. Rd7 Be7 58. Rd5 Rb1 59. Rf5+ Ke8 60. Rh5 Kd7 61. Rh6 Bd6 62. Rg6 Rb4+ 63. Kd5 Rb5+ 64. Ke4 Kc6 65. Rg2 Rb4+ 66. Kf5 Rf4+ 67. Ke6 Rf8 68. Rc2+ Bc5 69. Rd2 Re8+ 70. Kf5 Be3 71. Rd3 Kc5 72. Rd7 Bd4 73. Rc7+ Kd6 74. Rh7 Re1 75. Rf7 Bc5 76. Rh7 Kd5 77. Rd7+ Bd6 78. Rf7 Rg1 79. Kf6 Ke4 80. Ke6 Be5 81. Rb7 Rg6+ 82. Kd7 Rd6+ 83. Kc8 Ra6 84. Rb5 Bd4 85. Kd7 Ra7+ 86. Kc6 Rh7 87. Rb7 Rh5 88. Re7+ Kd3 89. Re6 Kc4 90. Kd7 1/2-1/2